HOMM 3 Town quiz || Heroes of might and magic 3 - Statistics

General Stats
  • This quiz has been taken 173 times
  • The average score is 8 of 9
Answer Stats
Hint Town % Correct
Best unit is the archangels Castle
96%
Town with a lot of fire and imp's Inferno
94%
Town of the dead Necropolis
94%
Town of the red/black dragon Dungeon
93%
Town where you can get dwarves Rampart
85%
Has a lot of snow and mountains Tower
85%
Town of the goblins Stronghold
82%
Has a lot of elemental units Conflux
81%
A swamp town Fortress
81%
No matching quizzes found
Score Distribution
Percent of People with Each Score
Percentile by Number Answered
Your Score History
You have not taken this quiz